000 nam a22 7a 4500
999 _c128398
_d128398
008 181016b xxu||||| |||| 00| 0 eng d
050 _aHT1521
_b.G662 1975
245 _aPolitics of race
_bcomparative studies
_cEdited by Donald G. Baker
260 _aEngland
_bSaxon House
_c1975
300 _axi, 312p. ;
_c23cm.
650 _aRace prejudice
_942969
942 _2lcc
_cMONOGRAPH